Principles of virology : Molecular biology, pathogenesis, and control
Designed to fill the existing gap between simple introductory texts and very advanced reviews of major virus families, Principles of Virology introduces upper-level undergraduates, graduate students, and medical students to all aspects of virology
Đã lưu trong:
| Định dạng: | Sách |
|---|---|
| Ngôn ngữ: | Undetermined |
| Được phát hành: |
Washington, D.C
ASM Press
2000
|
| Những chủ đề: | |
| Các nhãn: |
Thêm thẻ
Không có thẻ, Là người đầu tiên thẻ bản ghi này!
|
| Thư viện lưu trữ: | Trung tâm Học liệu Trường Đại học Cần Thơ |
|---|
| LEADER | 00816nam a2200205Ia 4500 | ||
|---|---|---|---|
| 001 | CTU_191889 | ||
| 008 | 210402s9999 xx 000 0 und d | ||
| 082 | |a 579.2 | ||
| 082 | |b P954 | ||
| 245 | 0 | |a Principles of virology : | |
| 245 | 0 | |b Molecular biology, pathogenesis, and control | |
| 245 | 0 | |c S. J. Flint ... [et al.] | |
| 260 | |a Washington, D.C | ||
| 260 | |b ASM Press | ||
| 260 | |c 2000 | ||
| 520 | |a Designed to fill the existing gap between simple introductory texts and very advanced reviews of major virus families, Principles of Virology introduces upper-level undergraduates, graduate students, and medical students to all aspects of virology | ||
| 650 | |a Virology,Vi rút | ||
| 650 | |x Methods,Phương pháp | ||
| 904 | |i Tuyến | ||
| 980 | |a Trung tâm Học liệu Trường Đại học Cần Thơ | ||